Cultural anthropology: (Record no. 1523)

MARC details
000 -LEADER
fixed length control field 006160000a22002050004500
001 - CONTROL NUMBER
control field 001523
005 - DATE AND TIME OF LATEST TRANSACTION
control field 20250617114243.0
008 - FIXED-LENGTH DATA ELEMENTS--GENERAL INFORMATION
fixed length control field 130524t xxu||||| |||| 00| 0 eng d
020 ## - INTERNATIONAL STANDARD BOOK NUMBER
International Standard Book Number 0879678135
082 ## - DEWEY DECIMAL CLASSIFICATION NUMBER
Classification number 301 CRA
090 ## - LOCALLY ASSIGNED LC-TYPE CALL NUMBER (OCLC); LOCAL CALL NUMBER (RLIN)
-- 1523
-- 1523
100 ## - MAIN ENTRY--PERSONAL NAME
Personal name Crapo, Richard H.
9 (RLIN) 20709
245 ## - TITLE STATEMENT
Title Cultural anthropology:
Remainder of title understanding ourselves and others /
Statement of responsibility, etc. Richard H. Crapo
250 ## - EDITION STATEMENT
Edition statement 2nd ed.
260 ## - PUBLICATION, DISTRIBUTION, ETC.
Place of publication, distribution, etc. Guilford :
Date of publication, distribution, etc. 1990
Name of publisher, distributor, etc. Dushkin Publishers
300 ## - PHYSICAL DESCRIPTION
Extent xviii, 396 p. :
Other physical details ill. ;
Dimensions 27 cm.
500 ## - GENERAL NOTE
General note Includes bibliographical references and index
650 ## - SUBJECT ADDED ENTRY--TOPICAL TERM
Topical term or geographic name entry element Sociology
9 (RLIN) 232
942 ## - ADDED ENTRY ELEMENTS (KOHA)
Koha item type Book
Source of classification or shelving scheme Dewey Decimal Classification
Holdings
Withdrawn status Lost status Damaged status Not for loan Home library Current library Date acquired Total Checkouts Total Renewals Full call number Barcode Date last seen Date last checked out Price effective from Koha item type Source of classification or shelving scheme
        Archbishop Kiwanuka Memorial Library Archbishop Kiwanuka Memorial Library 20/06/2008 4 2 301 CRA 1523 23/09/2016 02/05/2014 20/06/2008 Book  
        Archbishop Kiwanuka Memorial Library Archbishop Kiwanuka Memorial Library 24/05/2013 4   301 CRA 7215 18/03/2014 05/03/2014 24/05/2013 Book Dewey Decimal Classification

Archbishop Kiwanuka Memorial Library | Uganda Martyrs University P.O. Box : 5498 Kampala, Uganda
Tel : +256-(0) 382-277-901 or +256-(0) 382-410-611 / E-mail : library@umu.ac.ug